| Поле | Инд. | ПП | Название | Значение |
|---|---|---|---|---|
| Тип записи | a | |||
| Библиографический уровень | m | |||
| 001 | Контрольный номер | af481ac1-e71e-4f72-a44e-3453401fb932 | ||
| 005 | Дата корректировки | 20170412103847.8 | ||
| 008 | Кодируемые данные | 081121 | ||
| 020 | c | Цена, тираж | 60.00 | |
| 040 | a | Служба первич. каталог. | НБ ТвГУ | |
| 041 | 0_ | a | Код языка текста | rus |
| 080 | a | Индекс УДК | 336.77:334.722.012.64(47+430) | |
| 084 | a | Индекс другой классификации/Индекс ББК | У262.24 | |
| 090 | x | Авторский знак | К 79 | |
| a | Полочн. индекс | У262.2 | ||
| 245 | 00 | a | Заглавие | Кредитование малого бизнеса в России и Германии |
| n | Номер части/ раздела | Вып. 2 | ||
| p | Название части/ раздела | Материалы совместного российско-германского проекта | ||
| c | Ответственность | под общ. ред. Э. Маркварта, И. Короленко | ||
| 260 | 1_ | a | Место издания | Москва |
| b | Издательство | б. и. | ||
| c | Дата издания | 2006 | ||
| 300 | a | Объем | 153 с. | |
| b | Иллюстрации/ тип воспроизводства | ил., табл. | ||
| 583 | a | Действие | Получение впервые 281 17.11.2998 | |
| k | Исполнитель действия | Дар Грибкова В.М. | ||
| 650 | 04 | a | Основная рубрика | Малый бизнес |
| x | Основная подрубрика | Кредитование | ||
| z | Географическая подрубрика | Российская Федерация | ||
| z | Географическая подрубрика | Германия | ||
| 650 | 04 | a | Основная рубрика | Предпринимательство |
| x | Основная подрубрика | Экономика | ||
| 653 | 0_ | a | Ключевые слова | Малый бизнес |
| a | Ключевые слова | Кредитование малого бизнеса | ||
| a | Ключевые слова | Предпринимательство | ||
| a | Ключевые слова | Экономика предпринимательства | ||
| 700 | 1_ | a | Другие авторы | Маркварт Э. |
| e | Роль лиц | ред. | ||
| 700 | 1_ | a | Другие авторы | Короленко И. |
| e | Роль лиц | ред. | ||
| 852 | 41 | t | Порядковый номер экземпляра | 1 |
| p | Инвентарный номер | 921738 | ||
| 863 | t | 00188987 | ||
| 888 | a | Бесплатные | ||
| 901 | t | Тип документа | m | |
| 952 | p | 281.2008 60.00 1 921738 | ||
| c | Вид литературы | К рн | ||
| 954 | a | Дата поступления на обработку | 20090205 | |
| 999 | a | Подразделение 2 | Фил4 |